000 00366nam a22001457a 4500
003 OSt
005 20230404110232.0
008 230404b |||||||| |||| 00| 0 eng d
020 _a8123910770
040 _cHU
082 _a620.112
100 _aTimoshenko Stphen
_937384
245 _aStringth Of Materials Part 2 Advanced Theory & Problems
942 _2ddc
_cBOOKS
_n0
999 _c35828
_d35828